000 01695nam0a2200397 4500
001 RU\NLR\BIBL_A\016345252
005 20250630164318.0
010 _a978-5-98747-055-8
_91000
021 _aRU
_b2023-16653
_9КН-П-1665
035 _a(NLR Aleph) 016345252
035 _a(RuMoRGB)011653991
090 _a13104082
_c13104082
100 _a20230417d2022 |||y0rusy50 ca
101 0 _arus
102 _aRU
105 _aach z 001zy
181 0 _ai3
_baxxe
181 0 _ab2
_bxb2e
182 0 _an
200 1 _aЛенинград. Война. Блокада
_iЖизнь города
_e[сборник статей]
_fсост., науч. ред.: Н. Ю. Бринюк [и др.]
203 _aТекст
_aИзображение
_bвизуальные
_cнепосредственные
210 _aСанкт-Петербург
_cГаларт
_d2022
215 _a587 с.
_cил., портр., факс., табл.
_d24
320 _aБиблиогр. в примеч. в конце ст.
320 _aИмен. указ.: с. 573-584
606 1 _aБлокада Ленинграда
_jСборники
_z1941 - 1944
_92077679
_3RU\NLR\AUTH\661253360
675 _a94(470.23-25)"1941/1944(082)"
_v4
686 1 _aТ3(2)722.721я43
702 1 _aБринюк
_bН. Ю.
_gНадежда Юрьевна
_4220
_4340
856 4 1 _lVNP_SKP
_tVIEW
_uhttps://webservices.nlr.ru/viewer/file?name=t016345252_001.jpeg
_yОбложка
856 4 _lVNP_SKP
_tVIEW
_uhttps://webservices.nlr.ru/viewer/file?name=a016345252_002.txt
_yАннотация
942 _cBOOK
980 _aNB
980 4 _aVNP_SKP